|
|
|
|
| LEADER |
00000nam0a2200000 4500 |
| 001 |
683010 |
| 005 |
20251215115915.0 |
| 090 |
|
|
|a 683010
|
| 100 |
|
|
|a 20251111d1978 k||y0rusy50 ca
|
| 101 |
0 |
|
|a rus
|
| 102 |
|
|
|a RU
|
| 105 |
|
|
|a a z 001yy
|
| 181 |
|
0 |
|a i
|b e
|
| 182 |
|
0 |
|a n
|
| 183 |
|
0 |
|a nc
|2 RDAcarrier
|
| 200 |
1 |
|
|a Проблемы осадочного рудообразования
|e [сборник статей]
|f отв. ред. В. К. Чайковский
|g Лаборатория осадочного полезных ископаемых АН СССР
|
| 203 |
|
|
|a Текст
|b визуальный
|c непосредственный
|
| 210 |
|
|
|a Москва
|c Наука
|d 1978
|
| 215 |
|
|
|a 148 с.
|c ил.
|
| 283 |
|
|
|a volume
|2 RDAcarrier
|
| 320 |
|
|
|a Литература в конце статей
|
| 606 |
|
|
|a Рудообразование осадочное
|9 50064
|
| 610 |
1 |
|
|a эловиальные бокситы
|
| 610 |
1 |
|
|a макроконкреции
|
| 610 |
1 |
|
|a бокситовые породы
|
| 610 |
1 |
|
|a рифейские породы
|
| 610 |
1 |
|
|a фосфориты
|
| 610 |
1 |
|
|a алмазы
|
| 675 |
|
|
|a 553.2.068
|v 4
|
| 702 |
|
1 |
|4 340
|a Чайковский
|b В. К.
|
| 712 |
0 |
2 |
|a Академия наук СССР
|b Институт литосферы
|b Лаборатория осадочных полезных ископаемых
|c (Москва)
|c (1979-1991)
|9 25973
|
| 801 |
|
0 |
|a RU
|b 63413507
|c 20251111
|
| 830 |
|
|
|a Ретро2025Каталогизация Мотырева
|
| 850 |
|
|
|a 63413507
|
| 942 |
|
|
|c BK
|